सचित्र नवीन विज्ञान विश्वकोशः (Record no. 55753)

MARC details
000 -LEADER
fixed length control field 01235 aa a2200253 4500
005 - DATE AND TIME OF LATEST TRANSACTION
control field 20190213143848.0
010 ## - LCCN (DPL NO)
LC control number G-001003, B-258917
020 ## - INTERNATIONAL STANDARD BOOK NUMBER
International Standard Book Number 8170432820
Terms of availability 150.00
035 ## - SYSTEM CONTROL NUMBER
System control number G-001003
035 ## - SYSTEM CONTROL NUMBER
System control number B-258915,B-258917
037 ## - SOURCE OF ACQUISITION
Source of stock number/acquisition D.B.Act / Pub
082 ## - DEWEY DECIMAL CLASSIFICATION NUMBER
Classification number 503
Edition number 2007
100 ## - MAIN ENTRY--PERSONAL NAME
Personal name शर्मा, विश्वमित्र
245 ## - TITLE STATEMENT
Title सचित्र नवीन विज्ञान विश्वकोशः
Statement of responsibility, etc विश्वमित्र शर्मा
Remainder of title ब्रह्माण्ड-पृथ्वी-महाद्वीप /
246 ## - VARYING FORM OF TITLE
Title proper/short title Sachitra Naveen Vigyan Vishwa Kosh
Remainder of title by Vishwamitra Sharma
260 ## - PUBLICATION, DISTRIBUTION, ETC. (IMPRINT)
Place of publication, distribution, etc दिल्ली
Name of publisher, distributor, etc आत्माराम एण्ड संस
Date of publication, distribution, etc 2007
270 ## - ADDRESS
Address 1362, कश्मीरी गेट
City दिल्ली
Postal code 110006
Telephone number 011-23946466, 011-23973082
Electronic mail address atmaram_books@hotmail.com
300 ## - PHYSICAL DESCRIPTION
Extent 76 पृ
Other physical details सचित्र
Dimensions 24सेमी (सजिल्द)
650 ## - SUBJECT ADDED ENTRY--TOPICAL TERM
Topical term or geographic name as entry element Science
General subdivision Encyclopedias, Juvenile
650 ## - SUBJECT ADDED ENTRY--TOPICAL TERM
Topical term or geographic name as entry element विज्ञान
General subdivision विश्वकोश, बाल
650 ## - SUBJECT ADDED ENTRY--TOPICAL TERM
Topical term or geographic name as entry element
942 ## - ADDED ENTRY ELEMENTS (KOHA)
Institution code [OBSOLETE] dpl
Item type Children Books
Source of classification or shelving scheme Dewey Decimal Classification
Call number suffix शर्मावि
Classification part 503
Holdings
Withdrawn status Lost status Not for loan Collection code Home library Current library Date acquired Cost, normal purchase price Full call number Barcode Copy number Cost, replacement price Koha item type
      Non-fiction Katevara Katevara 23/08/2011 150.00 503 शर्मावि G-001003 1 150.00 Children Books
      Non-fiction R.C.Libraries (zls) R.C.Libraries (zls) 14/11/2018 150.00 503 शर्मावि B-258915   150.00 Children Books
      Non-fiction R.C.Libraries (zls) R.C.Libraries (zls) 13/02/2019 150.00 500 शर्मावि B-258917 1. 150.00 Children Books

© Delhi Public Library
Hit Counter
free hit counter